Meeting the Challenge: Report of the Independent South Asian Commission on Poverty Alleviation (Record no. 223339)
[ view plain ]
| 000 -LEADER | |
|---|---|
| fixed length control field | 00706nam a22002057a 4500 |
| 005 - DATE AND TIME OF LATEST TRANSACTION | |
| control field | 20220611094703.0 |
| 008 - FIXED-LENGTH DATA ELEMENTS--GENERAL INFORMATION | |
| fixed length control field | 220611b ||||| |||| 00| 0 eng d |
| 040 ## - CATALOGING SOURCE | |
| Transcribing agency | AL |
| 041 ## - LANGUAGE CODE | |
| Language code of text/sound track or separate title | English |
| 082 ## - DEWEY DECIMAL CLASSIFICATION NUMBER | |
| Edition number | 23 |
| Classification number | 339.460954 |
| Item number | INDM |
| 100 ## - MAIN ENTRY--PERSONAL NAME | |
| Personal name | Independent South Asian Commission On Poverty Alleviation |
| 100 ## - MAIN ENTRY--PERSONAL NAME | |
| 9 (RLIN) | 41895 |
| 245 ## - TITLE STATEMENT | |
| Title | Meeting the Challenge: Report of the Independent South Asian Commission on Poverty Alleviation |
| 260 ## - PUBLICATION, DISTRIBUTION, ETC. | |
| Date of publication, distribution, etc. | 1992 |
| 300 ## - PHYSICAL DESCRIPTION | |
| Extent | xiv,154 p. |
| Other physical details | PB |
| Dimensions | 24.5x17.5 cm. |
| 650 ## - SUBJECT ADDED ENTRY--TOPICAL TERM | |
| Topical term or geographic name entry element | Poverty--Government policy |
| 9 (RLIN) | 41896 |
| 650 ## - SUBJECT ADDED ENTRY--TOPICAL TERM | |
| Topical term or geographic name entry element | South Asia |
| 9 (RLIN) | 41897 |
| 650 ## - SUBJECT ADDED ENTRY--TOPICAL TERM | |
| Topical term or geographic name entry element | Economic policy |
| 9 (RLIN) | 41898 |
| 700 ## - ADDED ENTRY--PERSONAL NAME | |
| Personal name | INDEPENDENT SOUTH ASIAN COMMISSION ON POVERTY ALLEVIATION |
| 9 (RLIN) | 41899 |
| 942 ## - ADDED ENTRY ELEMENTS (KOHA) | |
| Source of classification or shelving scheme | Dewey Decimal Classification |
| Koha item type | George Fernandes Collections |
| Withdrawn status | Lost status | Source of classification or shelving scheme | Damaged status | Not for loan | Collection code | Home library | Current library | Date acquired | Total Checkouts | Full call number | Barcode | Date last seen | Price effective from | Koha item type |
|---|---|---|---|---|---|---|---|---|---|---|---|---|---|---|
| Dewey Decimal Classification | Economics | St Aloysius Library | St Aloysius Library | 03/24/2013 | 339.460954 INDM | GF03170 | 06/11/2022 | 06/11/2022 | George Fernandes Collections |